<?xml version="1.0" encoding="UTF-8"?>
<record
    xmlns:xsi="http://www.w3.org/2001/XMLSchema-instance"
    xsi:schemaLocation="http://www.loc.gov/MARC21/slim http://www.loc.gov/standards/marcxml/schema/MARC21slim.xsd"
    xmlns="http://www.loc.gov/MARC21/slim">

  <leader>01356nam a2200289 i 4500</leader>
  <controlfield tag="001">000048350</controlfield>
  <controlfield tag="003">DO-SdBNP</controlfield>
  <controlfield tag="005">20231017152020.0</controlfield>
  <controlfield tag="006">a||||gr|||| 00| 0 </controlfield>
  <controlfield tag="007">ta</controlfield>
  <controlfield tag="008">190211e2013    dr a    r     000   spa d</controlfield>
  <datafield tag="040" ind1=" " ind2=" ">
    <subfield code="a">DO-SdBNP</subfield>
    <subfield code="b">spa</subfield>
    <subfield code="c">BNPHU</subfield>
    <subfield code="e">rda</subfield>
  </datafield>
  <datafield tag="082" ind1=" " ind2=" ">
    <subfield code="b">R426n</subfield>
  </datafield>
  <datafield tag="110" ind1="1" ind2=" ">
    <subfield code="a">Rep&#xFA;blica Dominicana. Rep&#xFA;blica Dominicana. Oficina Presidencial de Tecnolog&#xED;a de la Informaci&#xF3;n y Comunicaciones.</subfield>
    <subfield code="9">37585</subfield>
    <subfield code="e">autor</subfield>
  </datafield>
  <datafield tag="245" ind1="1" ind2="0">
    <subfield code="a">Nortic A2 2013 :</subfield>
    <subfield code="b">norma para la creaci&#xF3;n y administraci&#xF3;n de portales web del gobierno dominicana.</subfield>
  </datafield>
  <datafield tag="264" ind1=" " ind2=" ">
    <subfield code="a">Santo Domingo :</subfield>
    <subfield code="b">Departamento de Estandarizaci&#xF3;n Normativas y Auditor&#xED;a T&#xE9;cnica</subfield>
    <subfield code="c">2013</subfield>
  </datafield>
  <datafield tag="300" ind1=" " ind2=" ">
    <subfield code="a">74 p&#xE1;ginas ;</subfield>
    <subfield code="b">Ilustraciones ;</subfield>
    <subfield code="c">24 cm.</subfield>
  </datafield>
  <datafield tag="336" ind1=" " ind2=" ">
    <subfield code="2">rdacontent</subfield>
    <subfield code="a">texto</subfield>
    <subfield code="b">txt</subfield>
  </datafield>
  <datafield tag="337" ind1=" " ind2=" ">
    <subfield code="2">rdamedia</subfield>
    <subfield code="a">sin mediaci&#xF3;n</subfield>
    <subfield code="b">n</subfield>
  </datafield>
  <datafield tag="338" ind1=" " ind2=" ">
    <subfield code="2">rdacarrier</subfield>
    <subfield code="a">volumen</subfield>
    <subfield code="b">nc</subfield>
  </datafield>
  <datafield tag="490" ind1=" " ind2=" ">
    <subfield code="a">Categor&#xED;a: A</subfield>
  </datafield>
  <datafield tag="490" ind1=" " ind2=" ">
    <subfield code="a">documento ;</subfield>
    <subfield code="v">1</subfield>
  </datafield>
  <datafield tag="500" ind1=" " ind2=" ">
    <subfield code="a">Incluye glosario de t&#xE9;rminos, p&#xE1;ginas 61- 74.</subfield>
  </datafield>
  <datafield tag="505" ind1=" " ind2=" ">
    <subfield code="a">Pr&#xF3;logo.-- </subfield>
    <subfield code="g">Marco Legal.--</subfield>
    <subfield code="g">Cap&#xED;tulo I</subfield>
    <subfield code="t">Norma para la creaci&#xF3;n y administraci&#xF3;n de portales Web del Gobierno Dominicano.--</subfield>
    <subfield code="g">Cap&#xED;tulo II.</subfield>
    <subfield code="t">Usabilidad.--</subfield>
    <subfield code="g">Cap&#xED;tulo III</subfield>
    <subfield code="t">Disposici&#xF3;n de elementos.--</subfield>
    <subfield code="g">Cap&#xED;tulo IV.</subfield>
    <subfield code="t">Contenido.--</subfield>
    <subfield code="g">Cap&#xED;tulo V. </subfield>
    <subfield code="t">Administraci&#xF3;n y seguridad.--</subfield>
    <subfield code="g">Cap&#xED;tulo VI.</subfield>
    <subfield code="t">Accesibilidad.</subfield>
  </datafield>
  <datafield tag="590" ind1=" " ind2=" ">
    <subfield code="a">Inventariado, 2023 / MF</subfield>
  </datafield>
  <datafield tag="942" ind1=" " ind2=" ">
    <subfield code="2">ddc</subfield>
    <subfield code="c">LBS1</subfield>
  </datafield>
  <datafield tag="952" ind1=" " ind2=" ">
    <subfield code="0">0</subfield>
    <subfield code="1">0</subfield>
    <subfield code="2">ddc</subfield>
    <subfield code="5">1</subfield>
    <subfield code="7">0</subfield>
    <subfield code="8">PD</subfield>
    <subfield code="a">BNPHU</subfield>
    <subfield code="b">BNPHU</subfield>
    <subfield code="c">HD</subfield>
    <subfield code="d">2018-11-06</subfield>
    <subfield code="e">Donado por el Despacho de la Primera Dama</subfield>
    <subfield code="l">0</subfield>
    <subfield code="o">R426n</subfield>
    <subfield code="p">48350-10</subfield>
    <subfield code="r">2020-06-25</subfield>
    <subfield code="w">2020-06-25</subfield>
    <subfield code="y">LBS1</subfield>
    <subfield code="Z">No se presta</subfield>
  </datafield>
  <datafield tag="999" ind1=" " ind2=" ">
    <subfield code="c">47838</subfield>
    <subfield code="d">47838</subfield>
  </datafield>
</record>
